00524nam a2200169 a 450000500170000000800410001702000180005805000220007610000180009824500550011626000370017130000070020844000240021550000220023952000470026165000460030820140412111412.0070207s19uu xx 00 eng d a1-84538-235-8 aM 612.8bH49 2005 aHewitt, Sally aLet's start science :bLook Here! /cSally Hewitt. aLondon :bQed Publishing,c2005. a23 aLet's start science aIncludes glossary aAn exciting way to learn about your senses aSense and sensation-- Juvenile literature